| 000 | 01967nam a2200493 i 4500 | ||
|---|---|---|---|
| 001 | 87385 | ||
| 003 | FlNmELB | ||
| 005 | 20241217171544.0 | ||
| 006 | m o d | | ||
| 007 | cr cnu|||||||| | ||
| 008 | 141117s2012 mx ob 000 0 spa d | ||
| 020 | _a9781413554014 (e-book) | ||
| 020 | _z9786074016611 | ||
| 035 | _a(MiAaPQ)EBC3225932 | ||
| 035 | _a(Au-PeEL)EBL3225932 | ||
| 035 | _a(CaPaEBR)ebr10957910 | ||
| 035 | _a(OCoLC)992073010 | ||
| 040 |
_aFINmELB _bspa _erda _cFINmELB |
||
| 050 | 4 |
_aK5250 _b.J87 2012 |
|
| 082 | 0 |
_a340.115 _223 |
|
| 245 | 0 | 3 |
_aLa justicia y las atrocidades del pasado : _bteoría y análisis de la justicia transicional / _cTatiana Rincón Covelli, Jesús Rodríguez Zepeda, coordinadores. |
| 250 | _aPrimera edición. | ||
| 264 | 1 |
_aMéxico : _bMiguel Angel Porrúa, _c2012. |
|
| 300 | _a1 recurso en línea (431 páginas) | ||
| 336 |
_atexto _btxt _2rdacontent/spa |
||
| 337 |
_acomputadora _bc _2rdamedia/spa |
||
| 338 |
_arecurso en línea _bcr _2rdacarrier/spa |
||
| 504 | _aContiene referencias bibliográficas. | ||
| 588 | _aDescripción basada en recurso en línea; Título de la página del título en PDF (e-libro, visto November 17, 2014). | ||
| 590 | _aRecurso electrónico. Santa Fe, Arg.: e-libro, 2015. Disponible vía World Wide Web. El acceso puede estar limitado para las bibliotecas afiliadas a e-libro. | ||
| 650 | 0 | _aTransitional justice. | |
| 650 | 0 | _aReparation (Criminal justice) | |
| 650 | 0 | _aPolitical crimes and offenses. | |
| 650 | 0 | _aCrimes against humanity. | |
| 650 | 4 | _aJusticia transicional. | |
| 650 | 4 | _aReparación (justicia penal) | |
| 650 | 4 | _aCrímenes y delitos políticos. | |
| 650 | 4 | _aCrímenes contra la humanidad. | |
| 655 | 4 | _aLibros electrónicos. | |
| 700 | 1 |
_aRincón Covelli, Tatiana, _eeditor. |
|
| 700 | 1 |
_aRodríguez Zepeda, Jesús, _eeditor. |
|
| 797 | 2 | _ae-libro, Corp. | |
| 856 | 4 | 0 | _uhttps://elibro.net/ereader/politecnicointernacional/38638 |
| 999 |
_c87385 _d87385 |
||